Statistics for Every City and Town in the Pacific Northwest With Population >5,000

Click here to take the quiz!

General Stats

  • This quiz has been taken 19 times
    (3 since last reset)
  • The average score is 148 of 242

Answer Stats

StateCountyPopulationCity% Correct
WAGrays Harbor17,196Aberdeen
100%
ORLinn, Benton57,112Albany
100%
WASkagit18,326Anacortes
100%
ORJackson21,169Ashland
100%
ORClatsop10,167Astoria
100%
WAKing, Pierce82,657Auburn
100%
ORBaker10,361Baker City
100%
WAClark22,395Battle Ground
100%
ORWashington96,611Beaverton
100%
WAKing153,768Bellevue
100%
WAWhatcom95,921Bellingham
100%
ORDeschutes106,839Bend
100%
IDAda237,250Boise
100%
WAKing, Snohomish49,871Bothell
100%
WAKitsap47,209Bremerton
100%
ORCurry6,766Brookings
100%
WAKing49,627Burien
100%
IDCanyon71,195Caldwell
100%
ORClackamas17,952Canby
100%
ORJackson19,362Central Point
100%
WASkagit35,753Mount Vernon
100%
WASnohomish22,121Arlington
67%
WAKitsap24,153Bainbridge Island
67%
IDBingham13,051Blackfoot
67%
WAWhatcom6,140Blaine
67%
WAPierce22,948Bonney Lake
67%
IDCassia, Minidoka12,533Burley
67%
WASkagit10,253Burlington
67%
WAClark28,275Camas
67%
WALewis19,277Centralia
67%
WALewis7,807Chehalis
67%
WASpokane12,123Cheney
67%
WAAsotin7,323Clarkston
67%
IDKootenai58,528Coeur d'Alene
67%
ORCoos15,695Coos Bay
67%
ORWashington16,082Cornelius
67%
ORBenton61,978Corvallis
67%
ORLane10,820Cottage Grove
67%
ORPolk18,020Dallas
67%
WAKing31,946Des Moines
67%
WAPierce9,657DuPont
67%
WAKing8,824Duvall
67%
IDAda33,960Eagle
67%
ORJackson10,029Eagle Point
67%
WADouglas13,964East Wenatchee
67%
WASnohomish42,354Edmonds
67%
WAKittitas18,006Ellensburg
67%
WAKing, Pierce12,821Enumclaw
67%
ORClackamas6,109Estacada
67%
ORLane178,457Eugene
67%
WASnohomish111,793Everett
67%
ORMultnomah11,143Fairview
67%
WAKing94,745Federal Way
67%
WAWhatcom16,562Ferndale
67%
WAPierce10,573Fife
67%
ORLane9,334Florence
67%
ORWashington27,338Forest Grove
67%
ORClackamas11,871Gladstone
67%
WAYakima11,206Grandview
67%
WASnohomish5,137Granite Falls
67%
ORJosephine38,902Grants Pass
67%
ORMultnomah108,776Gresham
67%
IDBlaine10,085Hailey
67%
ORClackamas28,874Happy Valley
67%
ORUmatilla19,420Hermiston
67%
ORWashington107,617Hillsboro
67%
ORHood River8,390Hood River
67%
WAGrays Harbor8,813Hoquiam
67%
IDBonneville69,561Idaho Falls
67%
ORPolk10,519Independence
67%
WAKing38,601Issaquah
67%
IDJerome13,700Jerome
67%
ORMarion38,077Keizer
67%
WACowlitz12,652Kelso
67%
WAKing23,067Kenmore
67%
WABenton85,519Kennewick
67%
WAKing132,204Kent
67%
WAKing91,568Kirkland
67%
ORKlamath22,133Klamath Falls
67%
WAClark5,262La Center
67%
WAThurston60,485Lacey
67%
ORUnion13,213La Grande
67%
WAKing12,769Lake Forest Park
67%
ORClackamas, Multnomah, Washington39,394Lake Oswego
67%
WASnohomish40,598Lake Stevens
67%
WAPierce61,532Lakewood
67%
ORLinn20,315Lebanon
67%
IDNez Perce35,554Lewiston
67%
ORLincoln10,085Lincoln City
67%
WACowlitz37,696Longview
67%
WASnohomish47,880Lynnwood
67%
ORJefferson7,931Madras
67%
WASnohomish73,578Marysville
67%
ORYamhill34,594McMinnville
67%
ORJackson85,137Medford
67%
WAKing24,600Mercer Island
67%
IDAda140,067Meridian
67%
WASnohomish20,753Mill Creek
67%
WAPierce, King8,835Milton
67%
ORUmatilla7,037Milton-Freewater
67%
ORClackamas, Multnomah21,600Milwaukie
67%
ORClackamas10,101Molalla
67%
ORPolk11,410Monmouth
67%
WASnohomish18,574Monroe
67%
IDLatah26,985Moscow
67%
WAGrant26,440Moses Lake
67%
WASnohomish21,804Mountlake Terrace
67%
IDCanyon120,599Nampa
67%
ORYamhill26,072Newberg
67%
ORLincoln10,522Newport
67%
WAKing6,455Normandy Park
67%
WAKing8,302North Bend
67%
ORCoos10,127North Bend
67%
WAIsland24,187Oak Harbor
67%
WAGrays Harbor7,915Ocean Shores
67%
WAThurston55,731Olympia
67%
ORMalheur11,792Ontario
67%
ORClackamas36,886Oregon City
67%
WAKing, Pierce6,807Pacific
67%
WAFranklin81,178Pasco
67%
ORUmatilla17,120Pendleton
67%
ORBenton6,102Philomath
67%
IDBannock59,027Pocatello
67%
WAClallam20,118Port Angeles
67%
ORMultnomah, Washington, Clackamas616,840Portland
67%
IDKootenai49,168Post Falls
67%
ORCrook12,114Prineville
67%
WAWhitman32,161Pullman
67%
WAPierce41,880Puyallup
67%
WAKing80,116Redmond
67%
ORDeschutes39,048Redmond
67%
WAKing101,386Renton
67%
IDMadison41,501Rexburg
67%
WABenton64,764Richland
67%
WAClark17,666Ridgefield
67%
ORDouglas24,030Roseburg
67%
ORMarion, Polk179,043Salem
67%
WAKing64,250Sammamish
67%
ORClackamas13,242Sandy
67%
ORColumbia8,440Scappoose
67%
ORClatsop7,322Seaside
67%
WAKing29,652SeaTac
67%
WAKing757,992Seattle
67%
WAMason11,194Shelton
67%
ORWashington19,639Sherwood
67%
WAKing60,575Shoreline
67%
WASnohomish10,124Snohomish
67%
WAKing13,161Snoqualmie
67%
WASpokane231,133Spokane
67%
WASpokane111,125Spokane Valley
67%
ORLane60,966Springfield
67%
IDAda17,891Star
67%
WAPierce6,574Steilacoom
67%
ORColumbia14,826St. Helens
67%
WAYakima16,208Sunnyside
67%
ORLinn10,324Sweet Home
67%
WAPierce223,859Tacoma
67%
ORJackson6,091Talent
67%
ORWasco15,862The Dalles
67%
ORWashington56,509Tigard
67%
ORTillamook5,245Tillamook
67%
WAYakima8,585Toppenish
67%
ORMultnomah15,071Troutdale
67%
ORWashington, Clackamas27,703Tualatin
67%
WAKing20,999Tukwila
67%
WAThurston27,048Tumwater
67%
IDTwin Falls56,521Twin Falls
67%
ORUmatilla7,876Umatilla
67%
WAPierce34,371University Place
67%
WAClark197,765Vancouver
67%
WAWalla Walla32,801Walla Walla
67%
ORClatsop6,432Warrenton
67%
WAClark16,813Washougal
67%
WAChelan35,346Wenatchee
67%
ORClackamas26,480West Linn
67%
WABenton19,206West Richland
67%
ORClackamas, Washington26,482Wilsonville
67%
ORMarion28,609Woodburn
67%
WAKing13,044Woodinville
67%
WACowlitz, Clark6,500Woodland
67%
ORMultnomah5,161Wood Village
67%
WAYakima96,969Yakima
67%
WASpokane10,894Airway Heights
33%
IDBonneville20,135Ammon
33%
WAKing7,825Black Diamond
33%
WASnohomish6,369Brier
33%
WAPierce5,421Buckley
33%
IDBannock16,666Chubbuck
33%
WAWalla Walla9,684College Place
33%
WAStevens5,109Colville
33%
WAKing21,891Covington
33%
ORLane5,630Creswell
33%
WASpokane5,220Deer Park
33%
WAPierce13,380Edgewood
33%
IDGem8,649Emmett
33%
WAGrant8,460Ephrata
33%
WAPierce6,830Fircrest
33%
IDPayette7,375Fruitland
33%
IDAda13,558Garden City
33%
WAPierce12,892Gig Harbor
33%
IDKootenai17,408Hayden
33%
ORLane7,214Junction City
33%
IDTwin Falls5,499Kimberly
33%
IDAda29,989Kuna
33%
WASpokane13,167Liberty Lake
33%
WAWhatcom16,540Lynden
33%
WAKing28,355Maple Valley
33%
WASpokane5,155Medical Lake
33%
IDCanyon11,744Middleton
33%
IDElmore16,900Mountain Home
33%
WAYakima5,129Moxee
33%
WASnohomish20,681Mukilteo
33%
WAKing12,664Newcastle
33%
WAOkanogan5,008Omak
33%
WAPierce8,857Orting
33%
WAAdams9,273Othello
33%
IDPayette8,974Payette
33%
WAKitsap18,564Port Orchard
33%
WAJefferson10,600Port Townsend
33%
WAKitsap12,101Poulsbo
33%
IDFranklin6,360Preston
33%
WABenton6,373Prosser
33%
WAGrant8,819Quincy
33%
IDKootenai12,016Rathdrum
33%
IDJefferson5,833Rigby
33%
IDMinidoka6,372Rupert
33%
IDBonner10,820Sandpoint
33%
WASkagit13,368Sedro-Woolley
33%
WAYakima8,904Selah
33%
WAClallam8,568Sequim
33%
IDBingham5,387Shelley
33%
ORMarion10,406Silverton
33%
WASnohomish9,817Stanwood
33%
ORMarion8,147Stayton
33%
WASnohomish7,243Sultan
33%
WAPierce10,543Sumner
33%
ORDouglas8,737Sutherlin
33%
WAYakima6,435Union Gap
33%
ORLane5,097Veneta
33%
IDWashington6,162Weiser
33%
ORDouglas5,716Winston
33%
WAThurston10,676Yelm
33%

Score Distribution

Percentile by Number Answered

Percent of People with Each Score

Your Score History

You have not taken this quiz since the last reset